000 00546nam a2200157Ia 4500
008 100122s9999 xx 000 0 und d
082 _b7976
_a294.5
100 _aकरंदीकर ज स
245 _aगणेशउत्सवाची साठ वर्षे
250 _a0
260 _bकेसरी मुद्रणालय
_c1953
300 _a596
630 _aगणेशउत्सवाची साठ वर्षे
730 _aगणेशउत्सवाची साठ वर्षे
942 _cBOOK
999 _c400428
_d400425